| 000 | 00447nam a2200181Ia 4500 | ||
|---|---|---|---|
| 005 | 20240921120904.0 | ||
| 008 | 240921s9999||||xx |||||||||||||| ||und|| | ||
| 041 | _aENGLISH | ||
| 082 | _A005.73 M9 | ||
| 100 | _aKruse Robert L. | ||
| 245 | 0 | _aData Structures & Program Design | |
| 250 | _a2nd | ||
| 260 |
_c1989 _bP.H.I., New Delhi |
||
| 500 | _aPrograms | ||
| 650 |
_aData Structure _bSoftware Engineering |
||
| 942 | _cBK | ||
| 999 |
_c247761 _d247761 |
||